000 00452nam a2200133Ia 4500
003 GCL
008 140319s9999 xx 000 0 ara d
040 _aGCL /
_cGCL
082 0 4 _a250
_bج ق
245 1 0 _aقضايا اسلامية معاصرة للفقه الاسلامى : مرونته وتطوره
260 _a[S.N] :
_bمجمع البحوث الاسلامية ،
_c1989
300 _a288 ص
490 _aسلسلة البحوث الاسلامية
_v0
999 _c35542
_d35542